000 00343nam a2200157Ia 4500
003 0STCL
008 150530s9999 xx 000 0 und d
040 _aSTCL
_cSTCL
100 _aChester Bowles
245 _aMakings of a just society
260 _c1964
546 _aEnglish
942 _2ddc
_cBK
999 _c9211
_d9211
005 20220125165523.0